000 01387nam0a22002771 4500
001 rc\3634808
005 20250610053332.0
035 _a(NLR Aleph) 007725483
090 _a6998074
_c6998074
100 _a20130115d1974 |||y0rusy50 ca
101 0 _arus
102 _aRU
105 _ay z |||||
200 1 _aМетодические разработки к занятиям по теме: "Гигиенические вопросы организации водоснабжения населенных мест (источники водоснабжения)"
_fМ-во здрав. СССР. Центр. ин-т усовершенствования врачей
210 _aМосква
_cБ. и.
_d1974
215 _a[1], 32 с.
_d19
300 _aВ конце текста: подгот. проф. Трахтман Н.Н.
320 _aБиблиогр.: с. 32
333 _aДля служебного пользования. Экз. № 004
532 1 3 _aМетодические разработки к занятиям по теме: Гигиенические вопросы организации водоснабжения населенных мест (источники водоснабжения)
702 1 _aТрахман
_bН.Н.
_4570
801 0 _aRU
_bNLR
_gpsbo
801 1 _aRU
_bELAR
_2rusmarc
852 _aNLR
_j74-50к/4624
942 _cBOOK
980 _aNB